De la finca a la maquila

Uloženo v:
Podrobná bibliografie
Hlavní autor: Pérez Sáinz, Juan Pablo
Médium: Text
Vydáno: San José: FLACSO
Tagy: Přidat tag
Žádné tagy, Buďte první, kdo vytvoří štítek k tomuto záznamu!

MARC

LEADER 00000 a a2200000 04500
001 22618
003
040
020 |a 9977-68-079-5  
090 |a 154400  
100 |a Pérez Sáinz, Juan Pablo  
245 |a De la finca a la maquila  
260 |a San José:   |b FLACSO  
300 |a 249 p   |b **no definido**  
999 |c 13183  |d 13183